Kaurava / (Record no. 89578)

MARC details
000 -LEADER
fixed length control field 00578nam a22001937a 4500
005 - DATE AND TIME OF LATEST TRANSACTION
control field 20141027103236.0
010 ## - LCCN (DPL NO)
LC control number ENG-111035
020 ## - INTERNATIONAL STANDARD BOOK NUMBER
Terms of availability 199.00
International Standard Book Number 9789350099353
035 ## - SYSTEM CONTROL NUMBER
System control number EN-94567
037 ## - SOURCE OF ACQUISITION
Source of stock number/acquisition DBAD/PUB
082 ## - DEWEY DECIMAL CLASSIFICATION NUMBER
Classification number N
100 ## - MAIN ENTRY--PERSONAL NAME
Personal name Udayasankar, Krishna
245 ## - TITLE STATEMENT
Title Kaurava /
Statement of responsibility, etc by Krishna Udayasankar
260 ## - PUBLICATION, DISTRIBUTION, ETC. (IMPRINT)
Place of publication, distribution, etc Gurgaon
Name of publisher, distributor, etc Hachette Book Publishing India
Date of publication, distribution, etc 2014
270 ## - ADDRESS
City Gurgaon
Postal code 122001
Address 4th & 5th Floors, Corporate Centre, Plot No.94, Sector-44
300 ## - PHYSICAL DESCRIPTION
Extent xvi,365p.
Dimensions 20cm(pbk)
490 ## - SERIES STATEMENT
Series statement The Aryavarta chronicles book 2
942 ## - ADDED ENTRY ELEMENTS (KOHA)
Source of classification or shelving scheme Dewey Decimal Classification
Item type English Books
Call number suffix UDA
Classification part N
Holdings
Withdrawn status Lost status Not for loan Collection code Home library Current library Date acquired Source of acquisition Cost, normal purchase price Full call number Barcode Copy number Cost, replacement price Koha item type
    Not For Loan Fiction D.B.Act.Division D.B.Act.Division 24/10/2014 DBAD/PUB 199.00 N UDA EN-94567 1 199.00 English Books

© Delhi Public Library
Hit Counter
free hit counter